000 02462cam a2200505 i 4500
001 sky310443128
003 SKY
005 20250414125111.0
008 241031s2024 sp a a 000 1 eng d
020 _a9788410074422
020 _a8410074427
040 _aGRC
_beng
_erda
_cGRC
_dGRC
_dOCLCO
_dYDX
_dBDX
_dCoLov
082 0 4 _a[E]
092 _achildren picture book
_bMontagnana
100 1 _aMontagnana, Alessandro,
_eauthor,
_eillustrator.
_96543016
245 1 4 _aThe journey of Clementine /
_cAlessandro Montagnana ; translated by Cecilia Ross ; revised by Caroline Dookie and Rebecca Packard.
250 _aFirst edition. Library Binding.
264 1 _a[Madrid, Spain] :
_bNubeOcho,
_c2024.
300 _a1 volume (unpaged) :
_bcolor illustrations ;
_c27 cm.
336 _atext
336 _astill image
337 _aunmediated
338 _avolume
490 1 _aSomos8 collection.
500 _aTranslation of Il viaggio di Aurora.
500 _aOriginal Italian title: Il viaggio di Aurora.
520 _aClementine doesn't know what animal she is, she was just born and there is no one like her around. She meets Cricket and Moth, who explain that she is an insect, but they don't remember which one. She thinks she might be a star because she has light, like the ones they see in the sky. That very same night, a little girl leaves her house to chase the small lights that illuminate the forest. They will meet and become friends. Will the girl be able to help Clementine understand who she is?
546 _aEnglish ; Translated from the Italian.
650 0 _aInsects
_vJuvenile fiction.
_95685179
650 0 _aFireflies
_vJuvenile fiction.
_95700135
650 0 _aLight
_vJuvenile fiction.
_95675637
650 0 _aFriendship
_vJuvenile fiction.
_95673647
650 0 _aNight
_vJuvenile fiction.
_95733091
650 0 _aStars
_vJuvenile fiction.
_95724418
650 0 _aLoneliness
_vJuvenile fiction.
_95711896
650 0 _aSelf-esteem
_vJuvenile fiction.
_95691806
650 0 _aIdentity (Philosophical concept)
_vJuvenile fiction.
_95711883
655 7 _aPicture books.
_2lcgft.
655 7 _aAnimal fiction.
_2lcgft.
_95748285
700 1 _aRoss, Cecilia,
_etranslator.
_96543017
700 1 _aDookie, Caroline,
_ereviser.
_96543018
700 1 _aPackard, Rebecca,
_ereviser.
_96543019
830 0 _aColección somos8.
_lEnglish.
_96543020
942 _2ddc
_cBOOK
999 _c406908
_d406908